000
00280nam a22001217a 4500
008
181220b xxu||||| |||| 00| 0 eng d
041
_a
eng
080
_a
611
100
_a
7
101
_a
ANA
245
_a
A Guide to Dissection in gross Anatomy
_c
Woodburne,R.T
942
_2
udc
_c
BK
999
_c
53533
_d
53533